[Event "Blitz 2018"]
[Site "Saint-Petersburg"]
[Date "2018.12.29"]
[Round "7"]
[Board "4"]
[White "Mamedov Rauf (AZE)"]
[Black "Artemiev Vladislav (RUS)"]
[Result "1/2-1/2"]
[BlackElo "2825"]
[WhiteElo "2741"]
[LiveChessVersion "1.4.8"]

1. e4 {[%clk 0:03:03]} c5 {[%clk 0:03:02]} 2. Nf3 {[%clk 0:03:03]} d6
{[%clk 0:03:03]} 3. Nc3 {[%clk 0:03:01]} a6 {[%clk 0:03:04]} 4. g3
{[%clk 0:03:01]} g6 {[%clk 0:03:03]} 5. Bg2 {[%clk 0:03:02]} Bg7 {[%clk 0:03:04]}
6. O-O {[%clk 0:03:03]} Nc6 {[%clk 0:03:05]} 7. d3 {[%clk 0:03:03]} Nf6
{[%clk 0:03:05]} 8. Re1 {[%clk 0:03:02]} Nd7 {[%clk 0:02:55]} 9. Be3
{[%clk 0:02:58]} O-O {[%clk 0:02:46]} 10. Qd2 {[%clk 0:03:00]} Nd4
{[%clk 0:02:42]} 11. Nd1 {[%clk 0:02:28]} Nxf3+ {[%clk 0:02:27]} 12. Bxf3
{[%clk 0:02:29]} Ne5 {[%clk 0:02:28]} 13. Bg2 {[%clk 0:02:29]} Ng4
{[%clk 0:01:56]} 14. Bf4 {[%clk 0:02:29]} e5 {[%clk 0:01:57]} 15. Be3
{[%clk 0:02:30]} Be6 {[%clk 0:01:47]} 16. b4 {[%clk 0:02:10]} Rc8
{[%clk 0:01:32]} 17. bxc5 {[%clk 0:02:04]} dxc5 {[%clk 0:01:33]} 18. h3
{[%clk 0:02:05]} Nxe3 {[%clk 0:01:33]} 19. Nxe3 {[%clk 0:02:06]} Qd7
{[%clk 0:01:23]} 20. Nd5 {[%clk 0:01:27]} Bxd5 {[%clk 0:01:11]} 21. exd5
{[%clk 0:01:28]} b5 {[%clk 0:01:12]} 22. c4 {[%clk 0:01:21]} b4 {[%clk 0:01:08]}
23. a3 {[%clk 0:01:01]} b3 {[%clk 0:00:41]} 24. Rab1 {[%clk 0:01:00]} Rb8
{[%clk 0:00:41]} 25. Qa5 {[%clk 0:01:00]} Qd6 {[%clk 0:00:35]} 26. Re2
{[%clk 0:00:38]} Rb6 {[%clk 0:00:33]} 27. Qa4 {[%clk 0:00:39]} Rfb8
{[%clk 0:00:21]} 28. Reb2 {[%clk 0:00:40]} e4 {[%clk 0:00:22]} 29. Rxb3
{[%clk 0:00:32]} exd3 {[%clk 0:00:04]} 30. Rxb6 {[%clk 0:00:32]} Rxb6
{[%clk 0:00:06]} 31. Qe8+ {[%clk 0:00:33]} Bf8 {[%clk 0:00:07]} 32. Rd1
{[%clk 0:00:34]} Rb3 {[%clk 0:00:07]} 33. a4 {[%clk 0:00:26]} Qf6
{[%clk 0:00:07]} 34. d6 {[%clk 0:00:25]} Qxd6 {[%clk 0:00:07]} 35. Bd5
{[%clk 0:00:26]} Qf6 {[%clk 0:00:09]} 36. Qe3 {[%clk 0:00:21]} Qf5
{[%clk 0:00:04]} 37. g4 {[%clk 0:00:19]} Qf6 {[%clk 0:00:05]} 38. Rxd3
{[%clk 0:00:19]} Rxd3 {[%clk 0:00:05]} 39. Qxd3 {[%clk 0:00:20]} Bd6
{[%clk 0:00:05]} 40. Qf3 {[%clk 0:00:19]} Qe7 {[%clk 0:00:06]} 41. Qe4
{[%clk 0:00:18]} Qd7 {[%clk 0:00:04]} 42. Bc6 {[%clk 0:00:14]} Qc7
{[%clk 0:00:04]} 43. Qe8+ {[%clk 0:00:09]} Kg7 {[%clk 0:00:06]} 44. Bd5
{[%clk 0:00:11]} Bf4 {[%clk 0:00:04]} 45. Kg2 {[%clk 0:00:11]} h6
{[%clk 0:00:05]} 46. Kf3 {[%clk 0:00:11]} Bd2 {[%clk 0:00:06]} 47. Kg2
{[%clk 0:00:11]} a5 {[%clk 0:00:07]} 48. Qe2 {[%clk 0:00:08]} Bc3
{[%clk 0:00:08]} 49. Qf3 {[%clk 0:00:08]} Bd4 {[%clk 0:00:09]} 50. Qe4
{[%clk 0:00:09]} Qd8 {[%clk 0:00:07]} 51. Qf3 {[%clk 0:00:09]} Qd7
{[%clk 0:00:05]} 52. Bc6 {[%clk 0:00:10]} Qe7 {[%clk 0:00:05]} 53. Bd5
{[%clk 0:00:11]} Qd7 {[%clk 0:00:04]} 54. Bc6 {[%clk 0:00:12]} Qe7
{[%clk 0:00:05]} 1/2-1/2

[Event "Blitz 2018"]
[Site "Saint-Petersburg"]
[Date "2018.12.29"]
[Round "7"]
[Board "5"]
[White "Vitiugov Nikita (RUS)"]
[Black "Le Quang Liem (VIE)"]
[Result "1/2-1/2"]
[LiveChessVersion "1.4.8"]
[BlackElo "2749"]
[WhiteElo "2696"]

1. d4 {[%clk 0:03:02]} Nf6 {[%clk 0:03:03]} 2. Bg5 {[%clk 0:03:03]} d5
{[%clk 0:03:03]} 3. e3 {[%clk 0:03:04]} c5 {[%clk 0:03:04]} 4. Bxf6
{[%clk 0:03:03]} gxf6 {[%clk 0:03:03]} 5. dxc5 {[%clk 0:03:03]} Nc6
{[%clk 0:03:01]} 6. Bb5 {[%clk 0:03:02]} e6 {[%clk 0:02:48]} 7. c4
{[%clk 0:03:02]} dxc4 {[%clk 0:02:30]} 8. Nd2 {[%clk 0:03:02]} c3
{[%clk 0:02:25]} 9. bxc3 {[%clk 0:03:03]} Qd5 {[%clk 0:02:15]} 10. Ngf3
{[%clk 0:02:55]} Qxc5 {[%clk 0:02:16]} 11. Ba4 {[%clk 0:02:47]} Bg7
{[%clk 0:01:57]} 12. Ne4 {[%clk 0:02:34]} Qa5 {[%clk 0:01:55]} 13. Bxc6+
{[%clk 0:02:19]} bxc6 {[%clk 0:01:55]} 14. Qd6 {[%clk 0:02:04]} Qd5
{[%clk 0:01:39]} 15. Rd1 {[%clk 0:01:41]} Qxd6 {[%clk 0:01:38]} 16. Nxd6+
{[%clk 0:01:42]} Ke7 {[%clk 0:01:39]} 17. Nxc8+ {[%clk 0:01:39]} Rhxc8
{[%clk 0:01:38]} 18. Ke2 {[%clk 0:01:37]} Rcb8 {[%clk 0:01:32]} 19. Rb1
{[%clk 0:01:36]} Rb6 {[%clk 0:01:30]} 20. Rb3 {[%clk 0:01:32]} f5
{[%clk 0:01:28]} 21. Rc1 {[%clk 0:01:18]} Rab8 {[%clk 0:01:27]} 22. Rxb6
{[%clk 0:01:12]} Rxb6 {[%clk 0:01:22]} 23. Rc2 {[%clk 0:01:10]} Ra6
{[%clk 0:01:15]} 24. Nd2 {[%clk 0:01:09]} Ra3 {[%clk 0:01:14]} 25. Nb1
{[%clk 0:01:10]} Ra4 26. Nd2 Kd6 {[%clk 0:01:10]} 27. Kd3 {[%clk 0:01:10]} c5
{[%clk 0:01:00]} 28. g3 {[%clk 0:01:06]} Kd5 {[%clk 0:00:59]} 29. c4+
{[%clk 0:00:59]} Kc6 {[%clk 0:01:00]} 30. Nb3 {[%clk 0:00:59]} Ra3
{[%clk 0:00:56]} 31. Ke2 {[%clk 0:00:58]} Ra4 {[%clk 0:00:51]} 32. Kd3
{[%clk 0:00:59]} Rb4 {[%clk 0:00:52]} 33. Ke2 {[%clk 0:00:52]} Be5
{[%clk 0:00:47]} 34. h3 {[%clk 0:00:52]} Bc7 {[%clk 0:00:46]} 35. g4
{[%clk 0:00:50]} fxg4 {[%clk 0:00:45]} 36. hxg4 {[%clk 0:00:51]} a5
{[%clk 0:00:43]} 37. g5 {[%clk 0:00:49]} a4 {[%clk 0:00:42]} 38. Nc1
{[%clk 0:00:50]} Rb1 {[%clk 0:00:41]} 39. f4 {[%clk 0:00:47]} Bd6
{[%clk 0:00:36]} 40. Nd3 {[%clk 0:00:46]} Rh1 {[%clk 0:00:32]} 41. Kf3
{[%clk 0:00:46]} h6 {[%clk 0:00:30]} 42. gxh6 {[%clk 0:00:47]} 1/2-1/2

[Event "Blitz 2018"]
[Site "Saint-Petersburg"]
[Date "2018.12.29"]
[Round "7"]
[Board "7"]
[White "Anand Viswanathan (IND)"]
[Black "Zhigalko Sergei (BLR)"]
[Result "1/2-1/2"]
[LiveChessVersion "1.4.8"]
[BlackElo "2693"]
[WhiteElo "2832"]

1. e4 {[%clk 0:03:03]} c5 {[%clk 0:03:03]} 2. Nf3 {[%clk 0:03:03]} Nc6
{[%clk 0:03:04]} 3. Bb5 {[%clk 0:03:04]} Nf6 {[%clk 0:03:05]} 4. Nc3
{[%clk 0:03:03]} Qc7 {[%clk 0:03:06]} 5. O-O {[%clk 0:03:02]} Nd4
{[%clk 0:03:06]} 6. h3 {[%clk 0:02:54]} a6 {[%clk 0:03:04]} 7. Bd3
{[%clk 0:02:41]} Nxf3+ {[%clk 0:02:38]} 8. Qxf3 {[%clk 0:02:42]} e6
{[%clk 0:02:38]} 9. b3 {[%clk 0:02:39]} Be7 {[%clk 0:02:30]} 10. Bb2
{[%clk 0:02:39]} O-O {[%clk 0:02:22]} 11. a4 {[%clk 0:02:39]} d6 {[%clk 0:02:19]}
12. Qe2 {[%clk 0:02:23]} Bd7 {[%clk 0:02:08]} 13. f4 {[%clk 0:02:23]} Bc6
{[%clk 0:02:05]} 14. e5 {[%clk 0:02:20]} Nd5 {[%clk 0:01:28]} 15. Ne4
{[%clk 0:02:16]} dxe5 {[%clk 0:00:59]} 16. fxe5 {[%clk 0:02:15]} Nb4
{[%clk 0:00:31]} 17. Nf6+ {[%clk 0:02:11]} Bxf6 {[%clk 0:00:28]} 18. exf6
{[%clk 0:01:37]} Nxd3 {[%clk 0:00:27]} 19. Qxd3 {[%clk 0:01:36]} Rfd8
{[%clk 0:00:08]} 20. Qe3 {[%clk 0:01:33]} Rd5 {[%clk 0:00:05]} 21. fxg7
{[%clk 0:01:18]} Qd6 {[%clk 0:00:03]} 22. d3 {[%clk 0:01:17]} e5 {[%clk 0:00:04]}
23. Rf5 {[%clk 0:01:16]} Re8 {[%clk 0:00:04]} 24. Raf1 {[%clk 0:01:17]} Re7
{[%clk 0:00:04]} 25. Rf6 {[%clk 0:01:13]} Qd7 {[%clk 0:00:05]} 26. Rh6
{[%clk 0:01:01]} Re6 {[%clk 0:00:06]} 27. Qg5 {[%clk 0:00:55]} Rxh6
{[%clk 0:00:06]} 28. Qxh6 {[%clk 0:00:55]} Rd6 {[%clk 0:00:07]} 29. Rf6
{[%clk 0:00:54]} Rxf6 {[%clk 0:00:05]} 30. Qxf6 {[%clk 0:00:54]} Qd5
{[%clk 0:00:07]} 31. Qg5 {[%clk 0:00:49]} f6 {[%clk 0:00:08]} 32. Qg4
{[%clk 0:00:50]} Qd7 {[%clk 0:00:06]} 33. Qxd7 {[%clk 0:00:45]} Bxd7
{[%clk 0:00:07]} 34. a5 {[%clk 0:00:46]} Kxg7 35. Ba3 c4 {[%clk 0:00:04]} 36.
bxc4 {[%clk 0:00:46]} Ba4 {[%clk 0:00:03]} 37. c3 {[%clk 0:00:47]} Bb3
{[%clk 0:00:05]} 38. Kf2 {[%clk 0:00:47]} e4 {[%clk 0:00:05]} 39. dxe4
{[%clk 0:00:47]} Bxc4 {[%clk 0:00:06]} 40. Ke3 {[%clk 0:00:47]} Bb5
{[%clk 0:00:06]} 1/2-1/2

[Event "Blitz 2018"]
[Site "Saint-Petersburg"]
[Date "2018.12.29"]
[Round "7"]
[Board "8"]
[White "Andreikin Dmitry (RUS)"]
[Black "Postny Evgeny (ISR)"]
[Result "1-0"]
[LiveChessVersion "1.4.8"]
[BlackElo "2657"]
[WhiteElo "2777"]

1. e4 {[%clk 0:03:03]} e5 {[%clk 0:03:03]} 2. Nf3 {[%clk 0:03:04]} Nc6
{[%clk 0:03:04]} 3. Nc3 {[%clk 0:03:03]} Nf6 {[%clk 0:03:04]} 4. Bb5
{[%clk 0:03:04]} Bb4 {[%clk 0:03:02]} 5. O-O {[%clk 0:03:04]} O-O
{[%clk 0:03:02]} 6. d3 {[%clk 0:03:05]} d6 {[%clk 0:03:02]} 7. Ne2
{[%clk 0:03:05]} h6 {[%clk 0:02:50]} 8. c3 {[%clk 0:03:06]} Ba5 {[%clk 0:02:51]}
9. Ng3 {[%clk 0:03:05]} Ne7 {[%clk 0:02:49]} 10. d4 {[%clk 0:03:02]} Ng6
{[%clk 0:02:49]} 11. Bd3 {[%clk 0:03:01]} c6 {[%clk 0:02:47]} 12. h3
{[%clk 0:03:01]} Re8 {[%clk 0:02:43]} 13. Be3 {[%clk 0:02:57]} Bb6
{[%clk 0:02:40]} 14. Re1 {[%clk 0:02:55]} Be6 {[%clk 0:02:33]} 15. Qd2
{[%clk 0:02:51]} Nh7 {[%clk 0:01:44]} 16. Bc2 {[%clk 0:02:43]} Nh4
{[%clk 0:01:35]} 17. Nh2 {[%clk 0:02:14]} Ng5 {[%clk 0:01:31]} 18. Qe2
{[%clk 0:02:06]} Ng6 {[%clk 0:01:17]} 19. Rad1 {[%clk 0:02:06]} Qe7
{[%clk 0:01:10]} 20. Nf5 {[%clk 0:02:01]} Bxf5 {[%clk 0:00:48]} 21. exf5
{[%clk 0:02:01]} exd4 {[%clk 0:00:43]} 22. cxd4 {[%clk 0:02:01]} Nf4
{[%clk 0:00:39]} 23. Qd2 {[%clk 0:01:47]} Nd5 {[%clk 0:00:37]} 24. Ng4
{[%clk 0:01:36]} Qd8 {[%clk 0:00:27]} 25. f6 {[%clk 0:01:22]} Nxf6
{[%clk 0:00:25]} 26. Nxh6+ {[%clk 0:01:22]} gxh6 {[%clk 0:00:20]} 27. Bxg5
{[%clk 0:01:23]} Rxe1+ {[%clk 0:00:10]} 28. Rxe1 {[%clk 0:01:22]} hxg5
{[%clk 0:00:04]} 29. Qxg5+ Kf8 30. Qh6+ Kg8 31. Re3 {[%clk 0:01:20]} 1-0

[Event "Blitz 2018"]
[Site "Saint-Petersburg"]
[Date "2018.12.29"]
[Round "7"]
[Board "9"]
[White "Svidler Peter (RUS)"]
[Black "Golubov Saveliy (RUS)"]
[Result "1/2-1/2"]
[LiveChessVersion "1.4.8"]
[BlackElo "2574"]
[WhiteElo "2770"]

1. e4 {[%clk 0:03:03]} c5 {[%clk 0:03:04]} 2. Nf3 {[%clk 0:03:04]} e6
{[%clk 0:03:05]} 3. d4 {[%clk 0:02:56]} d5 {[%clk 0:03:06]} 4. exd5
{[%clk 0:02:54]} exd5 {[%clk 0:03:07]} 5. Bb5+ {[%clk 0:02:50]} Nc6
{[%clk 0:03:08]} 6. O-O {[%clk 0:02:50]} Nf6 {[%clk 0:03:09]} 7. Re1+
{[%clk 0:02:51]} Be6 {[%clk 0:03:09]} 8. Ng5 {[%clk 0:02:32]} Be7
{[%clk 0:03:12]} 9. Nxe6 {[%clk 0:02:30]} fxe6 {[%clk 0:03:13]} 10. Nd2
{[%clk 0:02:12]} O-O {[%clk 0:02:57]} 11. Nf3 {[%clk 0:02:01]} Ne4
{[%clk 0:02:15]} 12. Bd3 {[%clk 0:01:46]} Nxd4 {[%clk 0:01:57]} 13. Nxd4
{[%clk 0:01:46]} cxd4 {[%clk 0:01:55]} 14. Bxe4 {[%clk 0:01:47]} dxe4
{[%clk 0:01:56]} 15. Rxe4 {[%clk 0:01:48]} Qb6 {[%clk 0:01:52]} 16. Qg4
{[%clk 0:01:26]} Rf6 {[%clk 0:01:33]} 17. Bg5 {[%clk 0:01:10]} Rg6
{[%clk 0:00:43]} 18. h4 {[%clk 0:01:10]} Bxg5 {[%clk 0:00:37]} 19. hxg5
{[%clk 0:01:11]} h6 {[%clk 0:00:37]} 20. Rae1 {[%clk 0:01:09]} Rxg5
{[%clk 0:00:35]} 21. Qxe6+ {[%clk 0:01:07]} Qxe6 {[%clk 0:00:37]} 22. Rxe6
{[%clk 0:01:08]} Rc5 {[%clk 0:00:36]} 23. Rd1 {[%clk 0:00:54]} Rxc2
{[%clk 0:00:30]} 24. Rxd4 {[%clk 0:00:55]} Rc7 {[%clk 0:00:30]} 25. Ra4
{[%clk 0:00:49]} a6 {[%clk 0:00:25]} 26. Rb6 {[%clk 0:00:48]} Rd8
{[%clk 0:00:23]} 27. Re4 {[%clk 0:00:42]} Rd1+ {[%clk 0:00:20]} 28. Kh2
{[%clk 0:00:43]} Rd2 {[%clk 0:00:21]} 29. Reb4 {[%clk 0:00:43]} Rdd7
{[%clk 0:00:10]} 30. a4 {[%clk 0:00:44]} Re7 {[%clk 0:00:08]} 31. Rf4
{[%clk 0:00:42]} Re2 {[%clk 0:00:07]} 32. b4 {[%clk 0:00:42]} Re5
{[%clk 0:00:05]} 33. a5 {[%clk 0:00:43]} Ree7 {[%clk 0:00:05]} 34. Kh3
{[%clk 0:00:41]} Rc3+ {[%clk 0:00:06]} 35. f3 {[%clk 0:00:41]} Rcc7
{[%clk 0:00:07]} 36. Kg4 {[%clk 0:00:40]} Re5 {[%clk 0:00:06]} 37. Kg3
{[%clk 0:00:36]} Ree7 {[%clk 0:00:06]} 38. Re4 {[%clk 0:00:37]} Red7
{[%clk 0:00:07]} 39. Re5 {[%clk 0:00:32]} Rd2 {[%clk 0:00:06]} 40. Re4
{[%clk 0:00:16]} Kf7 {[%clk 0:00:05]} 41. Kh3 {[%clk 0:00:16]} Rdd7
{[%clk 0:00:05]} 42. g4 {[%clk 0:00:17]} Rd3 {[%clk 0:00:06]} 43. Kg3
{[%clk 0:00:17]} Rdd7 {[%clk 0:00:07]} 44. Rf4+ {[%clk 0:00:15]} Ke7
{[%clk 0:00:07]} 45. Rf5 {[%clk 0:00:15]} Rd6 {[%clk 0:00:05]} 46. Rxd6
{[%clk 0:00:15]} Kxd6 {[%clk 0:00:06]} 47. Rf4 {[%clk 0:00:11]} Re7
{[%clk 0:00:05]} 48. Rd4+ {[%clk 0:00:12]} Ke5 1/2-1/2

[Event "Blitz 2018"]
[Site "Saint-Petersburg"]
[Date "2018.12.29"]
[Round "7"]
[Board "10"]
[White "Kovalenko Igor (LAT)"]
[Black "Karjakin Sergey (RUS)"]
[Result "1/2-1/2"]
[LiveChessVersion "1.4.8"]
[BlackElo "2759"]
[WhiteElo "2693"]

1. c4 {[%clk 0:03:02]} Nf6 {[%clk 0:03:03]} 2. Nc3 {[%clk 0:03:04]} e5
{[%clk 0:03:04]} 3. Nf3 {[%clk 0:03:05]} Nc6 {[%clk 0:03:06]} 4. e3
{[%clk 0:03:06]} Bb4 {[%clk 0:03:03]} 5. Qc2 {[%clk 0:03:07]} Bxc3
{[%clk 0:03:03]} 6. Qxc3 {[%clk 0:03:05]} Qe7 {[%clk 0:03:04]} 7. b3
{[%clk 0:03:02]} d5 {[%clk 0:03:01]} 8. cxd5 {[%clk 0:02:24]} Nxd5
{[%clk 0:03:01]} 9. Qb2 {[%clk 0:02:26]} O-O {[%clk 0:02:53]} 10. Bc4
{[%clk 0:02:21]} Nb6 {[%clk 0:02:44]} 11. Bb5 {[%clk 0:02:07]} e4
{[%clk 0:02:38]} 12. Bxc6 {[%clk 0:01:53]} bxc6 {[%clk 0:02:36]} 13. Qe5
{[%clk 0:01:53]} Qxe5 {[%clk 0:01:41]} 14. Nxe5 {[%clk 0:01:54]} c5
{[%clk 0:01:42]} 15. Ba3 {[%clk 0:01:18]} Re8 {[%clk 0:01:41]} 16. Nc4
{[%clk 0:01:11]} Nxc4 {[%clk 0:01:29]} 17. bxc4 {[%clk 0:01:12]} Re6
{[%clk 0:01:28]} 18. Bxc5 {[%clk 0:00:42]} Rc6 {[%clk 0:01:26]} 19. Bd4
{[%clk 0:00:43]} Rxc4 {[%clk 0:01:27]} 20. O-O {[%clk 0:00:42]} Be6
{[%clk 0:00:56]} 21. a3 {[%clk 0:00:36]} h5 {[%clk 0:00:51]} 22. Rfc1
{[%clk 0:00:33]} c6 {[%clk 0:00:41]} 23. Rxc4 {[%clk 0:00:32]} Bxc4
{[%clk 0:00:42]} 24. Rc1 {[%clk 0:00:32]} Bd5 {[%clk 0:00:36]} 25. h4
{[%clk 0:00:25]} a5 {[%clk 0:00:36]} 26. Rb1 {[%clk 0:00:26]} a4 {[%clk 0:00:35]}
27. Rb4 {[%clk 0:00:21]} f6 {[%clk 0:00:35]} 28. Bc3 {[%clk 0:00:21]} Kf7
{[%clk 0:00:34]} 29. Kh2 {[%clk 0:00:22]} Kg6 {[%clk 0:00:28]} 30. Kg3
{[%clk 0:00:23]} Ra7 {[%clk 0:00:18]} 31. f3 {[%clk 0:00:24]} exf3
{[%clk 0:00:15]} 32. gxf3 {[%clk 0:00:24]} Kf7 {[%clk 0:00:14]} 33. Rb6
{[%clk 0:00:20]} Rc7 {[%clk 0:00:13]} 34. Ra6 {[%clk 0:00:18]} Bb3
{[%clk 0:00:14]} 35. Ba5 {[%clk 0:00:19]} Rc8 {[%clk 0:00:14]} 36. Ra7+
{[%clk 0:00:20]} Kg6 {[%clk 0:00:15]} 37. Bc3 {[%clk 0:00:21]} c5
{[%clk 0:00:15]} 38. e4 {[%clk 0:00:16]} Rd8 {[%clk 0:00:12]} 39. Kf2
{[%clk 0:00:07]} Rd3 {[%clk 0:00:11]} 40. Ke2 {[%clk 0:00:05]} Bc4
{[%clk 0:00:11]} 41. Kf2 {[%clk 0:00:06]} Bb3 {[%clk 0:00:13]} 42. f4
{[%clk 0:00:04]} Rh3 {[%clk 0:00:10]} 43. f5+ {[%clk 0:00:05]} Kh6
{[%clk 0:00:12]} 44. Ra8 {[%clk 0:00:06]} Kh7 {[%clk 0:00:12]} 45. Ra7
{[%clk 0:00:07]} Kh6 {[%clk 0:00:12]} 46. Ra8 {[%clk 0:00:08]} Kh7
{[%clk 0:00:13]} 47. Ra7 {[%clk 0:00:08]} 1/2-1/2

[Event "Blitz 2018"]
[Site "Saint-Petersburg"]
[Date "2018.12.29"]
[Round "7"]
[Board "11"]
[White "Timofeev Artyom (RUS)"]
[Black "Petrosian Tigran L. (ARM)"]
[Result "1/2-1/2"]
[LiveChessVersion "1.4.8"]
[BlackElo "2700"]
[WhiteElo "2568"]

1. c4 {[%clk 0:03:03]} g6 {[%clk 0:03:01]} 2. Nc3 {[%clk 0:03:03]} Bg7
{[%clk 0:03:03]} 3. g3 {[%clk 0:03:03]} d6 {[%clk 0:03:04]} 4. Bg2
{[%clk 0:03:04]} e5 {[%clk 0:03:05]} 5. e3 {[%clk 0:03:04]} Nf6 {[%clk 0:02:56]}
6. Nge2 {[%clk 0:03:03]} O-O {[%clk 0:02:56]} 7. O-O {[%clk 0:03:03]} Nc6
{[%clk 0:02:55]} 8. d4 {[%clk 0:02:57]} Re8 {[%clk 0:02:53]} 9. h3
{[%clk 0:02:45]} exd4 {[%clk 0:02:31]} 10. exd4 {[%clk 0:02:39]} Bf5
{[%clk 0:02:31]} 11. g4 {[%clk 0:02:12]} Bd7 {[%clk 0:02:23]} 12. Bf4
{[%clk 0:01:53]} h5 {[%clk 0:02:18]} 13. g5 {[%clk 0:01:54]} Nh7 {[%clk 0:02:19]}
14. Qd2 {[%clk 0:01:54]} Ne7 {[%clk 0:02:13]} 15. Ng3 {[%clk 0:01:48]} h4
{[%clk 0:02:04]} 16. Nge4 {[%clk 0:01:48]} Nf5 {[%clk 0:02:05]} 17. Ne2
{[%clk 0:01:49]} Bc6 {[%clk 0:01:57]} 18. d5 {[%clk 0:01:46]} Bd7
{[%clk 0:01:58]} 19. Rfe1 {[%clk 0:01:46]} b6 {[%clk 0:01:47]} 20. Rac1
{[%clk 0:01:37]} a5 {[%clk 0:01:47]} 21. b3 {[%clk 0:01:38]} Re7 {[%clk 0:01:46]}
22. N2c3 {[%clk 0:01:24]} Nd4 {[%clk 0:01:37]} 23. Be3 {[%clk 0:01:24]} Nf5
{[%clk 0:01:35]} 24. Bf4 {[%clk 0:01:25]} Qf8 {[%clk 0:01:31]} 25. Qd3
{[%clk 0:01:17]} Rae8 {[%clk 0:01:30]} 26. Kf1 {[%clk 0:01:18]} Be5
{[%clk 0:01:05]} 27. Bxe5 {[%clk 0:00:59]} Rxe5 {[%clk 0:01:06]} 28. f4
{[%clk 0:00:50]} R5e7 {[%clk 0:01:06]} 29. Qd2 {[%clk 0:00:44]} Qg7
{[%clk 0:00:59]} 30. Kg1 {[%clk 0:00:45]} Kf8 {[%clk 0:00:42]} 31. Kh2
{[%clk 0:00:43]} Qd4 {[%clk 0:00:41]} 32. Qxd4 {[%clk 0:00:42]} Nxd4
{[%clk 0:00:42]} 33. Kg1 {[%clk 0:00:40]} f5 {[%clk 0:00:30]} 34. gxf6
{[%clk 0:00:40]} Nxf6 {[%clk 0:00:31]} 35. Kf2 {[%clk 0:00:40]} Nh5
{[%clk 0:00:31]} 36. Ke3 {[%clk 0:00:23]} Nf5+ {[%clk 0:00:29]} 37. Kf3
{[%clk 0:00:25]} Kg7 {[%clk 0:00:27]} 38. Rcd1 {[%clk 0:00:17]} Rf8
{[%clk 0:00:28]} 39. Ng5 {[%clk 0:00:14]} Nd4+ {[%clk 0:00:29]} 40. Kf2
{[%clk 0:00:13]} Rxf4+ {[%clk 0:00:29]} 41. Kg1 {[%clk 0:00:14]} Rxe1+
{[%clk 0:00:17]} 42. Rxe1 {[%clk 0:00:16]} Kh6 {[%clk 0:00:09]} 43. Re7
{[%clk 0:00:11]} Kxg5 {[%clk 0:00:07]} 44. Rxd7 {[%clk 0:00:12]} Ng3
{[%clk 0:00:07]} 45. Re7 {[%clk 0:00:06]} Nf3+ {[%clk 0:00:07]} 46. Bxf3
{[%clk 0:00:07]} Rxf3 {[%clk 0:00:08]} 47. Nb5 {[%clk 0:00:06]} Rf1+
{[%clk 0:00:06]} 48. Kg2 {[%clk 0:00:07]} Ra1 {[%clk 0:00:07]} 49. Rxc7
{[%clk 0:00:08]} Kf4 {[%clk 0:00:07]} 50. Rf7+ {[%clk 0:00:09]} Ke3
{[%clk 0:00:07]} 51. Rf3+ {[%clk 0:00:10]} Ke4 {[%clk 0:00:04]} 52. Nxd6+
{[%clk 0:00:10]} Kd4 {[%clk 0:00:05]} 53. Rf2 {[%clk 0:00:11]} a4
{[%clk 0:00:05]} 54. bxa4 {[%clk 0:00:10]} Kc5 {[%clk 0:00:06]} 55. Nb7+
{[%clk 0:00:11]} Kxc4 {[%clk 0:00:07]} 56. d6 {[%clk 0:00:12]} Rd1
{[%clk 0:00:08]} 57. a5 {[%clk 0:00:11]} Kb5 {[%clk 0:00:06]} 58. Rb2+
{[%clk 0:00:11]} Ka6 {[%clk 0:00:06]} 59. Rxb6+ {[%clk 0:00:12]} Ka7
{[%clk 0:00:08]} 60. Rb2 Nf5 {[%clk 0:00:08]} 61. Kf3 {[%clk 0:00:11]} Rd4
{[%clk 0:00:06]} 62. a3 {[%clk 0:00:10]} g5 {[%clk 0:00:07]} 63. a6
{[%clk 0:00:08]} Rf4+ {[%clk 0:00:08]} 64. Ke2 {[%clk 0:00:07]} Rd4
{[%clk 0:00:08]} 65. Rb5 {[%clk 0:00:06]} Nxd6 66. Nxd6 {[%clk 0:00:05]} Rxd6
{[%clk 0:00:05]} 67. Rxg5 {[%clk 0:00:06]} Rxa6 {[%clk 0:00:05]} 68. Rg4
{[%clk 0:00:07]} Rxa3 {[%clk 0:00:05]} 69. Rxh4 {[%clk 0:00:08]} Kb6
{[%clk 0:00:07]} 70. Kf2 {[%clk 0:00:08]} Kc6 {[%clk 0:00:08]} 71. Kg2
{[%clk 0:00:10]} Kd5 {[%clk 0:00:10]} 72. Rf4 {[%clk 0:00:11]} Ke5 73. Rf2 Ra6
{[%clk 0:00:05]} 74. h4 {[%clk 0:00:13]} Rf6 {[%clk 0:00:06]} 75. Re2+
{[%clk 0:00:14]} Kf5 {[%clk 0:00:08]} 76. Kg3 {[%clk 0:00:15]} Kg6
{[%clk 0:00:09]} 77. Kg4 {[%clk 0:00:16]} 1/2-1/2

[Event "Blitz 2018"]
[Site "Saint-Petersburg"]
[Date "2018.12.29"]
[Round "7"]
[Board "12"]
[White "Yudin Sergei (RUS)"]
[Black "Shirov Alexei (ESP)"]
[Result "1-0"]
[LiveChessVersion "1.4.8"]
[BlackElo "2699"]
[WhiteElo "2533"]

1. e4 {[%clk 0:03:02]} e5 {[%clk 0:03:03]} 2. Nf3 {[%clk 0:03:03]} Nc6
{[%clk 0:03:04]} 3. Bc4 {[%clk 0:03:04]} Bc5 {[%clk 0:03:05]} 4. d3
{[%clk 0:03:04]} Nf6 {[%clk 0:03:05]} 5. O-O {[%clk 0:03:04]} O-O
{[%clk 0:03:05]} 6. h3 {[%clk 0:03:02]} d5 {[%clk 0:03:02]} 7. exd5
{[%clk 0:03:02]} Nxd5 {[%clk 0:03:02]} 8. Re1 {[%clk 0:02:59]} Be6
{[%clk 0:03:01]} 9. Nbd2 {[%clk 0:02:41]} Bb6 {[%clk 0:02:45]} 10. Nf1
{[%clk 0:01:56]} f6 {[%clk 0:02:36]} 11. Ng3 {[%clk 0:01:41]} Qd7
{[%clk 0:02:28]} 12. Bd2 {[%clk 0:01:31]} Na5 {[%clk 0:02:17]} 13. Ne4
{[%clk 0:01:14]} Bf7 {[%clk 0:01:50]} 14. b4 {[%clk 0:01:07]} Nc6
{[%clk 0:01:44]} 15. Rb1 {[%clk 0:00:56]} a5 {[%clk 0:01:40]} 16. a3
{[%clk 0:00:45]} axb4 {[%clk 0:01:40]} 17. axb4 {[%clk 0:00:46]} Nd4
{[%clk 0:01:36]} 18. Nxd4 {[%clk 0:00:40]} Bxd4 {[%clk 0:01:36]} 19. Qf3
{[%clk 0:00:27]} Rad8 {[%clk 0:00:59]} 20. Nc5 {[%clk 0:00:25]} Qc6
{[%clk 0:00:56]} 21. Nb3 {[%clk 0:00:16]} Bb6 {[%clk 0:00:52]} 22. Na5
{[%clk 0:00:16]} Bxa5 {[%clk 0:00:35]} 23. bxa5 {[%clk 0:00:17]} b6
{[%clk 0:00:35]} 24. a6 {[%clk 0:00:09]} Qa8 {[%clk 0:00:35]} 25. Ra1
{[%clk 0:00:08]} Qa7 {[%clk 0:00:35]} 26. Bb3 {[%clk 0:00:09]} b5
{[%clk 0:00:34]} 27. Reb1 {[%clk 0:00:07]} c6 {[%clk 0:00:34]} 28. c4
{[%clk 0:00:06]} Nc7 {[%clk 0:00:31]} 29. Be3 {[%clk 0:00:05]} c5
{[%clk 0:00:27]} 30. cxb5 {[%clk 0:00:05]} Qb6 {[%clk 0:00:17]} 31. Bxf7+
{[%clk 0:00:06]} Rxf7 {[%clk 0:00:18]} 32. Qc6 {[%clk 0:00:07]} Qxc6
{[%clk 0:00:11]} 33. bxc6 {[%clk 0:00:07]} h5 {[%clk 0:00:09]} 34. a7
{[%clk 0:00:08]} Rxd3 {[%clk 0:00:08]} 35. Rb8+ {[%clk 0:00:06]} Kh7
{[%clk 0:00:09]} 36. Rb7 {[%clk 0:00:05]} 1-0